| 000 | 01466nam a2200217Ia 4500 | ||
|---|---|---|---|
| 003 | Ost | ||
| 005 | 20260507075630.0 | ||
| 008 | 260507s9999||||xx |||||||||||||| ||und|| | ||
| 020 | _a9789931781746 | ||
| 040 | _cfsecg | ||
| 041 | _aara | ||
| 082 | _a310 | ||
| 100 |
_aطويطي، مصطفى _eمؤلف |
||
| 245 | 0 |
_aنماذج التنبؤ قصير المدى: دروس وتطبيقات / _c مصطفى طويطي |
|
| 260 |
_aالجزائر: _bالنشر الجامعي الجديد, _c2021 |
||
| 300 |
_a412 صفحة؛ _bجداول، منحنيات بيانية _c24 سم |
||
| 504 | _aمراجع ص.409 ملاحق ص.401 | ||
| 520 | _aأساسيات التنبؤ بالسلاسل الزمنية، خصائص ومتطلبات عملية التنبؤوخطواته، كذلك الكشف عن شكل ومركبات السلسة الزمنية بالكشف عن شكلها والأسلوب البياني، بالاضافة الى تحليل مركبة الاتجاه العام ذات الاتجاهات الخطية واللاخطية، مع طرق معالجة المركبة الموسمية للتنبؤ، والتنبؤ باستخدام نماذج التمهيد الآسي، بالاضافة الى دقة التنبؤ، ومعايير تقييم جودته كذلك اختيار معامل التمهيدوتحديد قيمته الأمثل باستخدام برنامج winQsb وبرنامج exel. | ||
| 653 | _aالاحصاء | ||
| 942 | _cكتاب | ||
| 999 |
_c45190 _d45190 |
||